Readings in the applied economics of Africa

में बचाया:
ग्रंथसूची विवरण
मुख्य लेखक: Whetham, Edith H.
स्वरूप: पुस्तक
भाषा:Undetermined
प्रकाशित: Cambridge Cambridge University Press 1967
विषय:
टैग : टैग जोड़ें
कोई टैग नहीं, इस रिकॉर्ड को टैग करने वाले पहले व्यक्ति बनें!
Thư viện lưu trữ: Trung tâm Học liệu Trường Đại học Cần Thơ
LEADER 00548nam a2200193Ia 4500
001 CTU_99359
008 210402s9999 xx 000 0 und d
082 |a 330.96 
082 |b W568/Vol.2 
100 |a Whetham, Edith H. 
245 0 |a Readings in the applied economics of Africa 
245 0 |c Edith H. Whetham, Jean I. Currie 
260 |a Cambridge 
260 |b Cambridge University Press 
260 |c 1967 
650 |a Economic conditions 
650 |z Africa 
904 |i Giang 
980 |a Trung tâm Học liệu Trường Đại học Cần Thơ